[Event "EU-chT U12 Girls"]
[Site "Iasi"]
[Date "2023.07.24"]
[Round "1.2"]
[White "Maret, Anna"]
[Black "Hatuk, Neris"]
[Result "1-0"]
[WhiteElo "1491"]
[BlackElo "1213"]
[PlyCount "115"]
[EventDate "2023.07.24"]
[EventType "team-swiss"]
[EventRounds "7"]
[EventCountry "ROU"]
[SourceTitle "CBM 215 Extra"]
[Source "ChessBase"]
[SourceDate "2023.09.30"]
[SourceVersion "1"]
[SourceVersionDate "2023.09.30"]
[SourceQuality "1"]
[WhiteTeam "France Paca U12 Girls"]
[BlackTeam "Turkey U12 Girls"]
[WhiteTeamCountry "FRA"]
[BlackTeamCountry "TUR"]

1. e4 e6 2. d4 d5 3. Nd2 c5 4. exd5 exd5 5. dxc5 Bxc5 6. Ngf3 Ne7 7. Bd3 0-0 8. 0-0 Bg4 9. c3 h6 10. Qc2 Nbc6 11. b3 Rc8 12. Bb2 Bb6 13. c4 Ba5 14. a3 dxc4 15. Bxc4 b5 16. Bxb5 Nd4 17. Qe4 Bxf3 18. Qxd4 Qxd4 19. Bxd4 Bxd2 20. gxf3 Bc3 21. Rad1 Bxd4 22. Rxd4 Rc3 23. Rd3 Rxd3 24. Bxd3 Rd8 25. Bc4 Ng6 26. Kg2 Rc8 27. Rd1 Ne5 28. Rd4 a5 29. Rd5 Nc6 30. Rc5 Kf8 31. Bd5 Ne7 32. Rxa5 Ng6 33. Bc4 Nf4+ 34. Kg3 Ng6 35. a4 Ne7 36. Kf4 g5+ 37. Ke3 Re8 38. Kd2 Nc6 39. Rf5 Ne5 40. f4 Nxc4+ 41. bxc4 Ra8 42. a5 gxf4 43. Kc3 Ke7 44. Kb4 Ke6 45. Rxf4 Rb8+ 46. Kc5 f5 47. Rh4 Ke5 48. Rxh6 Rc8+ 49. Rc6 Ra8 50. Kb5 Kd4 51. a6 Rb8+ 52. Rb6 Rc8 53. a7 Rc5+ 54. Ka6 Rxc4 55. a8Q Ra4+ 56. Kb7 Rxa8 57. Kxa8 Ke4 58. Rb3 1-0

[Event "FRA-ch U12/16 Girls"]
[Site "Agen"]
[Date "2023.04.29"]
[Round "8"]
[White "Alcantara, Levanah"]
[Black "Maret, Anna"]
[Result "1/2-1/2"]
[WhiteElo "1459"]
[BlackElo "1411"]
[PlyCount "177"]
[EventDate "2023.04.23"]
[EventType "swiss"]
[EventRounds "9"]
[EventCountry "FRA"]
[SourceTitle "CBM 214 Extra"]
[Source "ChessBase"]
[SourceDate "2023.07.31"]
[SourceVersion "1"]
[SourceVersionDate "2023.07.31"]
[SourceQuality "1"]

1. d4 d5 2. c4 e6 3. Nc3 Be7 4. Nf3 Nf6 5. Bg5 0-0 6. e3 Nbd7 7. Bd3 dxc4 8. Bxc4 c5 9. 0-0 a6 10. a4 cxd4 11. Nxd4 Qa5 12. Bh4 Nb6 13. Bd3 e5 14. Nc2 Nbd5 15. Nxd5 Nxd5 16. Bg3 Bf6 17. Ra3 Be6 18. e4 Ne7 19. b4 Qb6 20. Ra1 Rfd8 21. Qe2 Rac8 22. Rfd1 Nc6 23. Rab1 Nd4 24. Nxd4 Rxd4 25. b5 a5 26. Bc2 Bc4 27. Qe3 Rxd1+ 28. Rxd1 Qxe3 29. fxe3 Kf8 30. Rd7 Be6 31. Rd2 Ke7 32. Kf2 Bc4 33. Ke1 Ke6 34. Bd1 Rd8 35. Bg4+ Ke7 36. Rc2 Be6 37. Bxe6 Kxe6 38. Rc7 Rd7 39. Rc3 Be7 40. Ke2 Bb4 41. Rd3 Rxd3 42. Kxd3 f6 43. Kc4 Kd6 44. h4 h6 45. h5 b6 46. Bh4 Ke6 47. g4 Kd6 48. Bg3 Bd2 49. Bf2 Bc1 50. Bg1 Bd2 51. Bf2 Bb4 52. Bh4 Ba3 53. Bf2 Bc1 54. Bg1 Ke6 55. Bf2 Bd2 56. Bg1 Be1 57. Kd3 Bg3 58. Kc3 Kd6 59. Kc4 Be1 60. Bh2 Bf2 61. Kc3 Kc5 62. Kb3 Bxe3 63. Bg3 Kd4 64. Be1 Kxe4 65. Kc4 Bc5 66. Bxa5 Be3 67. Bb4 Kf4 68. Bf8 Kxg4 69. Bxg7 Kg5 70. Kd5 Kf5 71. Kc6 e4 72. Bf8 Ke6 73. a5 bxa5 74. b6 a4 75. b7 Bf4 76. Bxh6 Bb8 77. Bc1 Kf5 78. Kd7 a3 79. Bxa3 Kg5 80. Kc8 Be5 81. Be7 e3 82. h6 Kxh6 83. Bxf6 Bf4 84. Bc3 e2 85. Be1 Kh5 86. Kd7 Kg4 87. Kc8 Kf3 88. b8Q Bxb8 89. Kxb8 1/2-1/2

[Event "Europe Echecs Blitz May op"]
[Site "Europe Echecs INT"]
[Date "2021.05.09"]
[Round "1"]
[White "Maret, Anna"]
[Black "Schippke, Manon"]
[Result "0-1"]
[WhiteElo "1258"]
[BlackElo "1904"]
[PlyCount "60"]
[EventDate "2021.05.09"]
[EventType "swiss (blitz)"]
[EventRounds "11"]
[EventCountry "FRA"]
[SourceTitle "CBM 202 Extra"]
[Source "ChessBase"]
[SourceDate "2021.07.31"]
[SourceVersion "1"]
[SourceVersionDate "2021.07.31"]
[SourceQuality "1"]

1. e4 c5 2. Nf3 d6 3. d4 cxd4 4. Nxd4 Nf6 5. Nc3 Nc6 6. Be2 e5 7. Nf3 Be6 8. h3 Be7 9. 0-0 d5 10. exd5 Nxd5 11. Nxd5 Bxd5 12. c4 Be6 13. b3 0-0 14. Bb2 Bf6 15. Qc2 Qc7 16. Rad1 Rfd8 17. Rfe1 g6 18. Bd3 Bg7 19. Be4 Nd4 20. Nxd4 exd4 21. Bf3 Rac8 22. Qe4 b5 23. cxb5 Qb6 24. Bg4 Bxg4 25. Qxg4 Rc2 26. Ba1 d3 27. Bxg7 Qxf2+ 28. Kh1 Kxg7 29. Rf1 Qe2 30. Qf4 Qxg2# 0-1

[Event "Cappelle Online Rapid op"]
[Site "Europe Echecs INT"]
[Date "2021.03.06"]
[Round "2"]
[White "Maret, Anna"]
[Black "Morata, Jules"]
[Result "1-0"]
[WhiteElo "1258"]
[BlackElo "1568"]
[PlyCount "87"]
[EventDate "2021.03.06"]
[EventType "swiss (rapid)"]
[EventRounds "9"]
[EventCountry "FRA"]
[SourceTitle "CBM 201 Extra"]
[Source "ChessBase"]
[SourceDate "2021.05.31"]
[SourceVersion "1"]
[SourceVersionDate "2021.05.31"]
[SourceQuality "1"]

1. e4 d5 2. exd5 Qxd5 3. Nc3 Qa5 4. b4 Qxb4 5. Rb1 Qd6 6. Nf3 Bg4 7. Be2 Nf6 8. 0-0 Qd8 9. Rxb7 e6 10. Nb5 Bd6 11. Nxd6+ cxd6 12. Ng5 Bxe2 13. Qxe2 Nbd7 14. Ba3 h6 15. Nxe6 fxe6 16. Qxe6+ Qe7 17. Re1 Qxe6 18. Rxe6+ Kf7 19. Rxd6 Rhd8 20. Ra6 Rab8 21. Raxa7 Kg8 22. h3 Ne5 23. Rxg7+ Kh8 24. d3 Ra8 25. Rgb7 Nc6 26. Rxa8 Rxa8 27. Bb2 Rf8 28. Rb6 Kh7 29. Rxc6 Nd5 30. Rd6 Nb4 31. Rd7+ Kg6 32. Ba3 Rb8 33. Bxb4 Rxb4 34. a4 Rxa4 35. c4 Kf5 36. Kf1 Kf4 37. Rd4+ Ke5 38. Re4+ Kf5 39. c5 Ra3 40. Ke2 Rc3 41. Rc4 Ra3 42. Ke3 Ke5 43. c6 Kd6 44. c7 1-0

[Event "Trophee Roza Lallemand Online"]
[Site "Tornelo INT"]
[Date "2020.12.13"]
[Round "2"]
[White "Denis, Monique"]
[Black "Maret, Anna"]
[Result "0-1"]
[WhiteElo "1442"]
[BlackElo "1258"]
[PlyCount "84"]
[EventDate "2020.12.13"]
[EventType "swiss (rapid)"]
[EventRounds "9"]
[EventCountry "USA"]
[SourceTitle "EXT 2022"]
[Source "ChessBase"]
[SourceDate "2021.10.06"]
[SourceVersion "1"]
[SourceVersionDate "2021.10.06"]
[SourceQuality "1"]

1. e4 c5 2. c4 Nc6 3. Nf3 e6 4. Nc3 Be7 5. d3 Nf6 6. h3 d5 7. cxd5 exd5 8. e5 Nd7 9. Be2 Ndxe5 10. Nxe5 Nxe5 11. 0-0 0-0 12. Kh1 b6 13. f4 Ng6 14. Bg4 Bb7 15. f5 Ne5 16. Bf4 Nxg4 17. Qxg4 Bf6 18. Rad1 Re8 19. h4 Bxh4 20. g3 Bf6 21. Kh2 d4 22. Nb5 Be5 23. Bxe5 Rxe5 24. f6 g6 25. Qh4 Rh5 26. Qxh5 gxh5 27. Rf5 a6 28. Na3 h6 29. Rdf1 Qe8 30. Nc4 Qe2+ 31. R1f2 Qxd3 32. Nd6 Be4 33. Rxh5 Bg6 34. Rxh6 Qe3 35. Rf4 Qd2+ 36. Kh3 Qe3 37. Rfh4 Qe6+ 38. Kh2 Qxf6 39. Ne4 Qe5 40. Rf4 Bxe4 41. Rg4+ Kf8 42. Rxe4 Qxe4 0-1

[Event "Trophee Roza Lallemand Online"]
[Site "Tornelo INT"]
[Date "2020.12.13"]
[Round "4"]
[White "Maret, Anna"]
[Black "Pentcheff, Laura"]
[Result "1-0"]
[WhiteElo "1258"]
[BlackElo "1567"]
[PlyCount "103"]
[EventDate "2020.12.13"]
[EventType "swiss (rapid)"]
[EventRounds "9"]
[EventCountry "USA"]
[SourceTitle "EXT 2022"]
[Source "ChessBase"]
[SourceDate "2021.10.06"]
[SourceVersion "1"]
[SourceVersionDate "2021.10.06"]
[SourceQuality "1"]

1. e4 e5 2. Nc3 Nc6 3. Bc4 Bc5 4. Qh5 Qf6 5. Nf3 Qg6 6. Qg5 Nf6 7. d3 d6 8. 0-0 Qxg5 9. Nxg5 0-0 10. h3 h6 11. Nf3 Nd4 12. Nxd4 Bxd4 13. Nb5 Bb6 14. a4 a6 15. Nc3 Nd7 16. Nd5 Ba5 17. b4 Bb6 18. a5 Bd4 19. c3 Ba7 20. Nxc7 Rb8 21. Nd5 Nf6 22. Nxf6+ gxf6 23. Be3 Kh7 24. Bxa7 Ra8 25. Be3 Be6 26. Ba2 f5 27. exf5 Bxf5 28. Rad1 Bg6 29. Bd5 Rac8 30. c4 Rc7 31. Bb6 Re7 32. b5 f5 33. bxa6 bxa6 34. Rfe1 Rfe8 35. c5 dxc5 36. Bxc5 Rd7 37. Bc6 Rc7 38. Bxe8 Bxe8 39. Bb6 Rc2 40. Rxe5 Bh5 41. Rde1 Ra2 42. Re7+ Kg6 43. Ra7 Rb2 44. Rxa6 Kg5 45. Ra8 Bg6 46. Rg8 Kf6 47. a6 Kg5 48. a7 Rxb6 49. a8Q Rb8 50. Qxb8 h5 51. Qg3+ Kh6 52. Qxg6# 1-0

[Event "Trophee Roza Lallemand Online"]
[Site "Tornelo INT"]
[Date "2020.12.13"]
[Round "8"]
[White "Maret, Anna"]
[Black "Toulemont, Anouk"]
[Result "0-1"]
[WhiteElo "1258"]
[BlackElo "1476"]
[PlyCount "56"]
[EventDate "2020.12.13"]
[EventType "swiss (rapid)"]
[EventRounds "9"]
[EventCountry "USA"]
[SourceTitle "EXT 2022"]
[Source "ChessBase"]
[SourceDate "2021.10.06"]
[SourceVersion "1"]
[SourceVersionDate "2021.10.06"]
[SourceQuality "1"]

1. e4 e6 2. d4 d5 3. exd5 exd5 4. Nf3 Nf6 5. g3 c5 6. Bg2 Nc6 7. 0-0 Be7 8. b3 Bg4 9. Bb2 0-0 10. c4 dxc4 11. bxc4 cxd4 12. Bxd4 Bxf3 13. Bxf3 Nxd4 14. Bxb7 Rb8 15. Bg2 Bc5 16. Nc3 Qa5 17. Na4 Ne6 18. Nxc5 Qxc5 19. Rc1 Rfd8 20. Qe2 h6 21. Rfd1 Nd7 22. Rb1 Nb6 23. Rxd8+ Rxd8 24. Rc1 Rd4 25. Rd1 Rxc4 26. Qb2 Rc2 27. Qb1 Qxf2+ 28. Kh1 Qxg2# 0-1